Вып. 4; Модели и системы обработки информации

Dettagli Bibliografici
Parent link:Модели и системы обработки информации: республиканский межведомственный научный сборник/ Киевский государственный университет им. Т. Г. Шевченко. Вып. 4.— , 1982-1991
Lingua:russo
Pubblicazione: Киев, Вища школа, 1985
Soggetti:
Natura: Libro
KOHA link:https://koha.lib.tpu.ru/cgi-bin/koha/opac-detail.pl?biblionumber=285735

MARC

LEADER 00000nam2a2200000 4500
001 285735
005 20231101235825.0
020 |a RU  |b 85-22358ж 
035 |a (RuTPU)RU\TPU\book\310011 
090 |a 285735 
100 |a 20150227d1985 k y0rusy5003 ca 
101 0 |a rus 
102 |a UA 
105 |a y z 001zy 
200 0 |a Вып. 4 
210 |a Киев  |c Вища школа  |d 1985 
215 |d 21 см  |a 104 с. 
320 |a Библиография в конце статей 
461 1 |0 (RuTPU)RU\TPU\book\200255  |t Модели и системы обработки информации  |o республиканский межведомственный научный сборник  |f Киевский государственный университет им. Т. Г. Шевченко   |v Вып. 4  |d 1982-1991 
606 1 |a Информация  |x Обработка  |x Автоматизация  |2 stltpush  |3 (RuTPU)RU\TPU\subj\12978  |9 39669 
610 1 |a вычислительные системы 
610 1 |a моделирование 
610 1 |a параллельные алгоритмы 
610 1 |a вычисления 
610 1 |a оптимизация 
610 1 |a высокопроизводительные системы 
675 |a 681.3.01  |z rus  |v 3 
801 0 |a RU  |b RuMRKP  |c 19950704  |g psbo 
801 1 |a RU  |b 63413507  |c 20150227 
801 2 |a RU  |b 63413507  |c 20171221  |g RCR 
942 |c BK